[Event "Vitrolles Majeur op 0405"]
[Site "Vitrolles"]
[Date "2004.10.16"]
[Round "1"]
[White "Zejneli, Skender"]
[Black "Thomet, Yannick"]
[Result "1/2-1/2"]
[WhiteElo "2050"]
[BlackElo "1790"]
[PlyCount "84"]
[EventDate "2004.10.16"]
[EventType "swiss"]
[EventRounds "9"]
[EventCountry "FRA"]
[SourceTitle "EXT 2008"]
[Source "ChessBase"]
[SourceDate "2007.11.25"]
[SourceVersion "1"]
[SourceVersionDate "2007.11.25"]
[SourceQuality "1"]

1. e4 e6 2. d4 d5 3. Nd2 Nf6 4. e5 Nfd7 5. f4 c5 6. c3 Nc6 7. Ndf3 Qb6 8. Ne2 Be7 9. g3 0-0 10. Bh3 Kh8 11. 0-0 f5 12. exf6 Nxf6 13. Ng5 Nd8 14. Rb1 Qc7 15. dxc5 Bxc5+ 16. Nd4 e5 17. Bxc8 Rxc8 18. fxe5 Qxe5 19. Bf4 Qe8 20. Kg2 Qg6 21. Qd2 h6 22. Ngf3 Ne4 23. Ne5 Qa6 24. Qd1 Nf7 25. Nd7 Rfe8 26. Nxc5 Rxc5 27. a3 Qg6 28. Nb3 Rxc3 29. Qxd5 Rc2+ 30. Kg1 Nfg5 31. Bxg5 Nxg5 32. Nd4 Nh3+ 33. Kh1 Rd2 34. Rbe1 Rg8 35. Re2 Qd3 36. Qg2 Rxe2 37. Nxe2 Ng5 38. Nf4 Qc4 39. Ng6+ Kh7 40. Nf8+ Kh8 41. Ng6+ Kh7 42. Ne5 Qc7 1/2-1/2

[Event "Majeur-chT 0001"]
[Site "France"]
[Date "2001.??.??"]
[Round "6"]
[White "Pieri, Thierry"]
[Black "Thomet, Yannick"]
[Result "1-0"]
[WhiteElo "2020"]
[BlackElo "1830"]
[PlyCount "73"]
[EventDate "2000.??.??"]
[EventType "team"]
[EventRounds "9"]
[EventCountry "FRA"]
[SourceTitle "EXT 2005"]
[Source "ChessBase"]
[SourceDate "2004.11.15"]
[SourceVersion "1"]
[SourceVersionDate "2004.11.15"]
[SourceQuality "1"]

1. e4 e6 2. d4 d5 3. Nd2 Nf6 4. e5 Nfd7 5. Bd3 c5 6. c3 Nc6 7. Ne2 a5 8. f4 Qh4+ 9. g3 Qh3 10. Ng1 Qh6 11. Ndf3 f5 12. exf6 Qxf6 13. Ne2 a4 14. 0-0 c4 15. Bc2 b5 16. Ne5 Bb7 17. Nxd7 Kxd7 18. f5 e5 19. dxe5 Qxe5 20. Bf4 Bc5+ 21. Kg2 Qe7 22. Qxd5+ Kc8 23. Be4 Na5 24. Qe6+ Qxe6 25. Bxb7+ Kxb7 26. fxe6 Rae8 27. Rad1 Rxe6 28. Rd7+ Kc6 29. Rd2 Kb6 30. Bg5 Nc6 31. Nf4 Re5 32. Nd5+ Ka6 33. Bf4 Rf5 34. Nc7+ Ka5 35. Ne6 Bf8 36. Bc7+ Ka6 37. Rxf5 1-0

[Event "Majeur-chT 0001"]
[Site "France"]
[Date "2001.??.??"]
[Round "5"]
[White "Thomet, Yannick"]
[Black "Gouiran, Serge"]
[Result "1-0"]
[WhiteElo "1830"]
[BlackElo "1600"]
[PlyCount "67"]
[EventDate "2000.??.??"]
[EventType "team"]
[EventRounds "9"]
[EventCountry "FRA"]
[SourceTitle "EXT 2005"]
[Source "ChessBase"]
[SourceDate "2004.11.15"]
[SourceVersion "1"]
[SourceVersionDate "2004.11.15"]
[SourceQuality "1"]

1. d4 Nf6 2. e3 d5 3. Bd3 Bg4 4. Ne2 e6 5. Nd2 Be7 6. 0-0 Nbd7 7. f4 Bf5 8. Ng3 Bxd3 9. cxd3 c5 10. dxc5 Nxc5 11. Nf3 0-0 12. b3 Rc8 13. Bb2 Ncd7 14. h3 Qb6 15. Qe2 Rc7 16. f5 Rfc8 17. Rad1 Rc2 18. Rd2 Rxd2 19. Qxd2 Bb4 20. Qe2 Bd6 21. fxe6 fxe6 22. Nh1 Nh5 23. Nd4 Ndf6 24. Nxe6 Ng3 25. Nxg3 Bxg3 26. Nd4 Bb8 27. Nf3 Qa6 28. Bd4 Ne4 29. Ra1 Ng3 30. Qb2 Qg6 31. Be5 Bxe5 32. Qxe5 Ne2+ 33. Kf2 Rc2 34. Qxd5+ 1-0

[Event "Provence-ch access Meyreuil 9900"]
[Site "France"]
[Date "2000.??.??"]
[Round "6"]
[White "Thomet, Yannick"]
[Black "Beraud, Robert"]
[Result "0-1"]
[WhiteElo "1770"]
[BlackElo "1750"]
[PlyCount "78"]
[EventDate "1999.??.??"]
[EventType "tourn"]
[EventRounds "9"]
[EventCountry "FRA"]
[SourceTitle "EXT 2005"]
[Source "ChessBase"]
[SourceDate "2004.11.15"]
[SourceVersion "1"]
[SourceVersionDate "2004.11.15"]
[SourceQuality "1"]

1. d4 Nf6 2. e3 g6 3. Bd3 Bg7 4. f4 0-0 5. Nf3 d6 6. 0-0 c5 7. c3 Nc6 8. Nbd2 cxd4 9. cxd4 e5 10. Ne4 exd4 11. exd4 Nd5 12. Bc4 Nxf4 13. Bxf7+ Rxf7 14. Nfg5 Nh3+ 15. Nxh3 Rxf1+ 16. Qxf1 Bxd4+ 17. Nhf2 Bf5 18. Kh1 Qb6 19. Qc4+ Kg7 20. Ng5 Ne5 21. Ne6+ Bxe6 22. Qxe6 Bxf2 23. Qe7+ Nf7 24. Bg5 Qd8 25. Bf6+ Kg8 26. Qxb7 Rb8 27. Qf3 Qb6 28. Rf1 Bc5 29. Be7 Ne5 30. Qd5+ Kg7 31. Bf6+ Kh6 32. Qd2+ Be3 33. Rf4 g5 34. Qc3 Bxf4 35. Qh3+ Kg6 36. Be7 d5 37. b3 Qc6 38. Bc5 Qxc5 39. Qe6+ Kg7 0-1

[Event "Provence-ch access Meyreuil 9900"]
[Site "France"]
[Date "1999.??.??"]
[Round "4"]
[White "Thomet, Yannick"]
[Black "Mosti, Alain"]
[Result "1-0"]
[WhiteElo "1770"]
[BlackElo "1700"]
[PlyCount "53"]
[EventDate "1999.??.??"]
[EventType "tourn"]
[EventRounds "9"]
[EventCountry "FRA"]
[SourceTitle "EXT 2005"]
[Source "ChessBase"]
[SourceDate "2004.11.15"]
[SourceVersion "1"]
[SourceVersionDate "2004.11.15"]
[SourceQuality "1"]

1. d4 Nf6 2. e3 d5 3. Bd3 Bg4 4. Ne2 e6 5. f3 Bh5 6. Ng3 Bg6 7. 0-0 Bd6 8. Nd2 Bxg3 9. hxg3 Qd6 10. f4 Nbd7 11. a4 c5 12. Nf3 Bh5 13. b3 cxd4 14. exd4 Qb6 15. Bb2 0-0 16. Qe1 Bg6 17. Qe3 Bxd3 18. Qxd3 Ne4 19. g4 h6 20. g5 hxg5 21. Nxg5 Nxg5 22. fxg5 Ne5 23. Qg3 Ng6 24. Kh1 Rac8 25. Rf2 Rc7 26. Raf1 Qb4 27. Qxc7 1-0